Central Library OPAC University of Rajshahi

International trade theory in a developing world : (Record no. 8406)

MARC details
000 -LEADER
fixed length control field 00924cam a22002771 4500
001 - CONTROL NUMBER
control field 8406
003 - CONTROL NUMBER IDENTIFIER
rucl marc code BD-RjUL
005 - DATE AND TIME OF LATEST TRANSACTION
control field 20211208234601.0
008 - FIXED-LENGTH DATA ELEMENTS--GENERAL INFORMATION
fixed length control field 140118r19651963xx 000 0 eng d
035 ## - SYSTEM CONTROL NUMBER
System control number (BD-RjUL)8451
System control number (OCoLC)239373
040 ## - CATALOGING SOURCE
Original cataloging agency DLC
Transcribing agency ODaWU
Modifying agency DLC
-- (BD-RjUL)
Language of cataloging eng
041 ## - LANGUAGE CODE
Language code of text/sound track or separate title eng
082 00 - DEWEY DECIMAL CLASSIFICATION NUMBER
Edition number 19
Classification number 382.01
Author mark and year INT
100 1# - MAIN ENTRY--PERSONAL NAME
Dates associated with a name 1900-1978,
9 (RLIN) 6081
245 10 - TITLE STATEMENT
Title International trade theory in a developing world :
Remainder of title Proceedings of a Conference Held by the International Economic Association /
Statement of responsibility, etc. Ed by Harrod,Roy
260 ## - PUBLICATION, DISTRIBUTION, ETC. (IMPRINT)
Place of publication, distribution, etc. London :
Name of publisher, distributor, etc. Macmillan,
Date of publication, distribution, etc. [c1963] [Reprent 1965]
300 ## - PHYSICAL DESCRIPTION
Pagination 570 p. ;
Size 21cm.
504 ## - BIBLIOGRAPHY, ETC. NOTE
Bibliography, etc Bibliographical footnotes.
650 #0 - SUBJECT ADDED ENTRY--TOPICAL TERM
Topical term or geographic name as entry element International economic relations.
9 (RLIN) 26171
Topical term or geographic name as entry element Commerce.
9 (RLIN) 26172
700 1# - ADDED ENTRY--PERSONAL NAME
Personal name Hague, Douglas Chalmers,
Relator term ed.
710 2# - ADDED ENTRY--CORPORATE NAME
Corporate name or jurisdiction name as entry element International Economic Association.
9 (RLIN) 6849
942 ## - ADDED ENTRY ELEMENTS (KOHA)
Source of classification or shelving scheme Dewey Decimal Classification
Koha item type Books
Holdings
Lost status Source of classification or shelving scheme Damaged status Not for loan Collection code Permanent Location Current Location Date acquired Source of acquisition Cost, normal purchase price Total Checkouts Full call number Date last seen Copy number Koha item type Shelving location
  Dewey Decimal Classification     Non-fiction Central Library, University of Rajshahi Central Library, University of Rajshahi 03/12/1968 Zeitlinger 70.00   382.01 INT 1965 18/01/2014 C-2 Books  
  Dewey Decimal Classification     Non-fiction Central Library, University of Rajshahi Central Library, University of Rajshahi 07/09/1967 Swets & zeitlinger 70.00   382.01 INT 1965 17/08/2016 C-3 Books  
  Dewey Decimal Classification   Not For Loan Non-fiction Central Library, University of Rajshahi Central Library, University of Rajshahi 03/12/1968 Zeitlinger 70.00   382.01 INT 1965 17/01/2017 C-1 Books Reading Room